| 000 | nam a22 7a 4500 | ||
|---|---|---|---|
| 999 |
_c234702 _d234702 |
||
| 003 | Nust | ||
| 005 | 20170329153857.0 | ||
| 008 | 170329b xxu||||| |||| 00| 0 eng d | ||
| 040 | _cDLC | ||
| 082 | _a690 SAR | ||
| 100 | _a Sarkar, Subir Kumar. | ||
| 245 | _aConstruction technology / | ||
| 260 |
_aNew Delhi ; | New York : _bOxford University Press, |
||
| 300 | _axii, 572 p. : | ||
| 942 |
_2ddc _cBK |
||